000 07359cam a2200697 a 4500
005 20090122143714.0
008 860423t19861925nyu 000 1 eng
010 _aB-358932
020 _a9788128614552
_c199.00
035 _aB-358932
035 _aB-333621-653
037 _bBlueberry Books
040 _adpl
_bEnglish
082 _aN
100 _aChristie, Agatha
245 _aThe mystery of the blue train /
_cby Agatha Christie ; illustrated by Marc Piskic
260 _aMumbai
_bEuro Books
_c2007
270 _aDani Corporate Park, 158, Vidyanagari Marg, Kalina, Santacruz
_bMumbai
_e400098
300 _a48 p.
_c31cm.
_bcol.ill.(pbk)
500 _aIt's a graphic novel
655 _aDetective and mystery stories.
655 _aDetective and mystery stories.
_2gsafd
700 _aPiskic, Marc
942 _2ddc
_cCH
_hN
_mCHR
999 _c22225
_d22225